000 00600nam a2200145 a 4500
008 120416s1990 ||||||||||||||||| || u
050 _aLB 2301 Mat
100 _aMatiru, Barbara
245 1 0 _aTowards academic and professional excellence in higher education, part II
246 _areport on the Sub-Regional workshop 17 - 30 June, 1990 Witzenhausen and Berlin
260 _aBonn
_bDSE
_c1990
300 _aix, 240p. : ill.
350 _a0.00
995 _D0.00
_FCBU-MAIN LIBRARY (Kitwe)
_H1
_I20.00
_M1
_UAVAILABLE
_ZAnnex Low-Usage Collection
999 _c60057
_d60057